| Tag |
First Indicator |
Second Indicator |
Subfields |
| LEADER |
00000cam a2200000Ia 4500 |
| 001 |
in00004513639 |
| 005 |
20190418083945.0 |
| 006 |
m d |
| 007 |
cr cn||||||||| |
| 008 |
081217s2008 nyua sb 001 0 eng d |
| 020 |
|
|
|a 9780387727110
|
| 020 |
|
|
|a 0387727116
|
| 035 |
|
|
|a (OCoLC)ocn288474038
|
| 035 |
|
|
|a (OCoLC)288474038
|
| 035 |
|
|
|z (UtOrBLW)50904
|
| 035 |
|
|
|a 71659
|
| 037 |
|
|
|a 978-0-387-72710-3
|b Springer
|n http://www.springerlink.com
|
| 040 |
|
|
|a GW5XE
|b eng
|c GW5XE
|d UtOrBLW
|
| 049 |
|
|
|a TMVM
|
| 050 |
1 |
4 |
|a RA643.86
|b P83 2008eb
|
| 060 |
|
4 |
|a WC 503.6
|b P976 2008eb
|
| 082 |
0 |
4 |
|a 614.5993920091724
|2 22
|
| 245 |
0 |
0 |
|a Public health aspects of HIV/AIDS in low and middle income countries :
|b epidemiology, prevention and care /
|c edited by David D. Celentano, Chris Beyrer.
|
| 264 |
|
1 |
|a New York :
|b Springer,
|c [2008]
|
| 264 |
|
4 |
|c ©2008
|
| 300 |
|
|
|a xxii, 754 pages :
|b illustrations ;
|c 26 cm
|
| 336 |
|
|
|a text
|b txt
|2 rdacontent
|
| 337 |
|
|
|a computer
|b c
|2 rdamedia
|
| 338 |
|
|
|a online resource
|b cr
|2 rdacarrier
|
| 533 |
|
|
|a Electronic reproduction.
|b New York :
|c Springer,
|d 2008.
|n Mode of access: World Wide Web.
|n System requirements: Web browser.
|n Title from title screen (viewed on Dec. 15, 2008).
|n Access may be restricted to users at subscribing institutions.
|
| 504 |
|
|
|a Includes bibliographical references and index.
|
| 506 |
|
|
|a Accessible on authorized TAMU computers and via proxy.
|
| 506 |
|
|
|a This title is restricted to authorized TAMU and TAMHSC users.
|
| 500 |
|
|
|a Electronic resource.
|
| 650 |
|
0 |
|a HIV infections
|z Developing countries.
|
| 650 |
|
0 |
|a AIDS (Disease)
|z Developing countries.
|0 http://id.loc.gov/authorities/subjects/sh2009114505
|
| 650 |
|
0 |
|a Public health
|z Developing countries.
|0 http://id.loc.gov/authorities/subjects/sh2008109900
|
| 650 |
|
2 |
|a HIV Infections
|x prevention & control.
|0 https://id.nlm.nih.gov/mesh/D015658Q000517
|
| 650 |
|
2 |
|a HIV Infections
|x epidemiology.
|0 https://id.nlm.nih.gov/mesh/D015658Q000453
|
| 650 |
|
2 |
|a Acquired Immunodeficiency Syndrome
|x prevention & control.
|0 https://id.nlm.nih.gov/mesh/D000163Q000517
|
| 650 |
|
2 |
|a Acquired Immunodeficiency Syndrome
|x epidemiology.
|0 https://id.nlm.nih.gov/mesh/D000163Q000453
|
| 650 |
|
2 |
|a Developing Countries.
|0 https://id.nlm.nih.gov/mesh/D003906
|
| 650 |
|
2 |
|a Public Health.
|0 https://id.nlm.nih.gov/mesh/D011634
|
| 650 |
|
2 |
|a Socioeconomic Factors.
|0 https://id.nlm.nih.gov/mesh/D012959
|
| 655 |
|
7 |
|a Electronic books.
|2 local
|
| 700 |
1 |
|
|a Celentano, David D.
|0 http://id.loc.gov/authorities/names/no2008164715
|
| 700 |
1 |
|
|a Beyrer, Chris.
|0 http://id.loc.gov/authorities/names/no98071722
|
| 776 |
1 |
|
|c Original
|z 9780387727103
|z 0387727108
|w (OCoLC)154711964
|
| 710 |
2 |
|
|a SpringerLink (Online service)
|0 http://id.loc.gov/authorities/names/no2005046756
|
| 856 |
4 |
0 |
|u http://proxy.library.tamu.edu/login?url=http://dx.doi.org/10.1007/978-0-387-72711-0
|z Public health aspects of HIV/AIDS in low and middle income countries (Online)
|t 0
|
| 948 |
|
|
|a SpringerLink
|
| 948 |
|
|
|a ebook
|
| 999 |
|
|
|a MARS
|
| 999 |
f |
f |
|s 3235cb0c-dbf0-3f9e-bf37-d535f3d7ff9d
|i 46ae006d-0d4a-3cce-962e-10f03cb85198
|t 0
|
| 952 |
f |
f |
|a Texas A&M University
|b College Station
|c Electronic Resources
|d Available Online
|t 0
|e WC 503.6 P976 2008eb
|h National Library of Medicine classification
|
| 998 |
f |
f |
|a WC 503.6 P976 2008eb
|t 0
|l Available Online
|